000 01173nam a22002537a 4500
005 20110810094115.0
008 110810t xxu||||| |||| 00| 0 mar d
010 _aMAR-21222
020 _a8172653026
_c100.00
035 _aMR-13880
037 _bDBAD/PUB
040 _aDPL
_bMR
082 _a891.461
100 _932250
_aपवार,किसन
245 _aजनमोजन्मी या श्वासावर /
_cकिसन पवार
246 _aJanamojanmi Ya Shwasawar
_bby Kishan Pawar
260 _aपुणे
_bस्नेहवर्धन पब्लिशिंग हाऊस
_c2009
270 _a833,सदाशिव पेठ,महात्मा फुले सभागृहमागे
_bपुणे
_e411030
300 _a127पृ.
_c22सेमी(अजिल्द)
650 _aमराठी कवितासंग्रह
_932964
650 _aMarathi Poetry
_932965
942 _2ddc
_cMR
_h891 .461
_mपवार
999 _c55525
_d55525